Представление документа в формате MARC21

Поле Инд. ПП Название Значение
Тип записи a
Библиографический уровень m
001 Контрольный номер RU/IS/BASE/121272918
005 Дата корректировки 20230510151005.0
041 a Код языка текста rus
084 a Индекс другой классификации/Индекс ББК 67.404.212.47
090 a Полочн. индекс 95.2+67
097 00 a 110
245 00 a Заглавие Жилищное право
b Продолж. заглавия ежеквартальный журнал
c Ответственность учредитель: "Бизнес-школа "Интел-Синтез"; и.о. гл. ред. А. Н. Гончаров
n Номер части/ раздела №3/2003
260 00 a Место издания Москва
b Издательство Интел-Синтез
c Дата издания 2003
300 a Объем 96 с.
500 00 a Примечание Журнал
650 a Основная рубрика гражданское право
a Основная рубрика жилищное право
a Основная рубрика обязательственное право
a Основная рубрика право
773 w Контрольный № источника RU/IS/BASE/408560948
901 t Тип документа s
952 a Тип литературы для КСУ ВШ НЖ